| 000 | 01019nam a22002537a 4500 | ||
|---|---|---|---|
| 999 |
_c15890 _d15890 |
||
| 003 | AR-CdUCM | ||
| 008 | 190430b ||||| |||| 00| 0 spa d | ||
| 020 | _a978-612-45633-0-0 | ||
| 040 |
_aMUNICIPALIDAD PROVINCIAL DEL CUSCO _cBIBLIOTECA MUNICIPAL DEL CUSCO |
||
| 082 |
_aEP / 398 / _bY15 |
||
| 100 |
_aYagkug Sejekam, Romer. _935090 |
||
| 245 |
_aIkamia augmatbau : _aRelatos amazónicos : _bAguaruna / |
||
| 260 |
_aLima : _c2009. _bComite de damas del congreso de la republicana : Fondo editorial del congreso de la república,. |
||
| 300 |
_a52 páginas ; _c29 cm. _bIlustraciones. |
||
| 440 |
_aAugmattai Perunumia Dakumjamu / Cuentos pintados del Perú. _n3 _935091 |
||
| 500 | _aLibros de lectura primaria. | ||
| 505 | _aContenido :Relatos amazónicos ... | ||
| 650 |
_aLenguas amazónicas. _935092 |
||
| 650 |
_aAguaruna. _935093 |
||
| 700 |
_aMacera Urquizo, Javier (ilustraciones) _935094 |
||
| 700 |
_aSoria C., María Belén (ilustraciones) _935095 |
||
| 942 |
_2ddc _cLIBROS |
||
| 945 |
_arum _d2019-04-30 |
||